000 01030cam a2200325 a 4500
003 CHAP
005 20220329142131.0
008 990903d1998 mx a r 00110 spa d
010 _a78967
011 _a79939
020 _a0131120956
035 _a90367
040 _cCHAP
082 0 4 _a517
_bS63Y 1995
100 0 0 _aSobel, Max A.
_9107998
245 1 0 _aPrecálculo
_c/por Max A. Sobel y Norbert Lerner
260 _aNaucalpan, Méx. :
_bPrentice-Hall,
_c1998.
300 _a778 p. :
_bilus. ; gráfs.
500 _aTrad. de : Precalculus mathematics 5 ed. de 1995.
590 _aBATCH-UPD
_b10
_c20130110
_lUCH01
_h0733
590 _aBATCH-UPD
_b10
_c20130410
_lUCH01
_h0416
590 _aBATCH-UPD
_b10
_c20130914
_lUCH01
_h0951
590 _aCONVERSION
_b10
_c20130109
_lUCH01
_h1344
650 1 4 _aCálculo.
_923990
700 0 _aLerner, Norbert.
_966308
901 _aBK
905 _aGuadalupe Pinto C.
942 _cLIBRO
949 _a517 S63Y 1995
_bBC
_cLIBRO
_d33724000738050
_eLIBRO
_gI. 199121
_h96308
_i90367
_si
_t$190.00
999 _c78967
_d78967